10 państw najbliżej Macedonii Północnej - Statystyki

Ogólne statystyki
  • Ten quiz został rozwiązany 21 razy
  • Średni wynik to 9 z 10
Statystyki odpowiedzi
km Państwo % Poprawnych
0 Grecja
100%
0 Serbia
100%
0 Albania
95%
0 Bułgaria
95%
0 Kosowo
95%
169 Rumunia
95%
274 Turcja
95%
79 Czarnogóra
90%
218 Włochy
90%
198 Bośnia i Hercegowina
85%
Nie znaleziono quizów pasujących do podanych kryteriów
Rozkład punktacji
Procent ludzi z każdym wynikiem
Percentyl według liczby udzielonych odpowiedzi
Twoja historia wyników
Nie rozwiązałeś tego quizu